Вып. 47 : Оборудование для производства полимерных строительных материалов: [сборник]; Полимерные строительные материалы

Bibliografiske detaljer
Parent link:Полимерные строительные материалы: сборник трудов/ Всесоюзный научно-исследовательский и проектно-конструкторский институт полимерных строительных материалов и мягкой кровли (ВНИИпроектполимеркровля) / Всесоюзный научно-исследовательский и проектно-конструкторский институт полимерных строительных материалов(ВНИИстройполимер). Вып. 47 : Оборудование для производства полимерных строительных материалов.— , 1972-
Andre forfattere: Полуянов А. Ф.
Sprog:russisk
Udgivet: 1977
Fag:
Format: Bog
KOHA link:https://koha.lib.tpu.ru/cgi-bin/koha/opac-detail.pl?biblionumber=332233

MARC

LEADER 00000nam2a2200000 4500
001 332233
005 20231102004433.0
035 |a (RuTPU)RU\TPU\book\358140 
090 |a 332233 
100 |a 20170518d1977 k y0rusy50 ca 
101 0 |a rus 
102 |a RU 
105 |a a z 001zy 
200 0 |a Вып. 47 : Оборудование для производства полимерных строительных материалов  |e [сборник]  |f гл. ред. А. Ф. Полуянов 
210 |d 1977 
215 |a 153 с.  |c ил. 
320 |a Библиогр. в конце ст. 
461 1 |0 (RuTPU)RU\TPU\book\314057  |t Полимерные строительные материалы  |o сборник трудов  |f Всесоюзный научно-исследовательский и проектно-конструкторский институт полимерных строительных материалов и мягкой кровли (ВНИИпроектполимеркровля) / Всесоюзный научно-исследовательский и проектно-конструкторский институт полимерных строительных материалов(ВНИИстройполимер)  |v Вып. 47 : Оборудование для производства полимерных строительных материалов  |d 1972-  
606 1 |a Строительные материалы полимерные  |2 stltpush  |3 (RuTPU)RU\TPU\subj\57564  |9 75422 
610 1 |a производство 
610 1 |a оборудование 
610 1 |a установки 
610 1 |a заливочные пенопласты 
610 1 |a пенополиуретаны 
610 1 |a физико-механические свойства 
610 1 |a стеновые панели 
610 1 |a герметизация 
610 1 |a герметизирующие материалы 
610 1 |a нефтяные пластификаторы 
610 1 |a твердеющие герметики 
610 1 |a аэрозольное напыление 
610 1 |a напряжения 
610 1 |a релаксация 
675 |a 691.175  |v 4 
702 1 |a Полуянов  |b А. Ф.  |4 651 
801 1 |a RU  |b 63413507  |c 20170518 
801 2 |a RU  |b 63413507  |c 20170524  |g RCR 
942 |c BK